Promýšlet Francouzskou revoluci

Podrobná bibliografia
Hlavný autor: Furet, François, 1927-1997 (Autor)
Ďalší autori: Horák, Petr, 1935- (Prekladateľ)
Médium: Kniha
Jazyk:čeština
francúzština
PhysicalDescription:207 s. 21 cm
Vydavateľské údaje: Brno Atlantis 1994
ISBN:8071080896
Vydanie:1. vyd.

MARC

LEADER 00000nam a2200000 a 4500
001 vtls001170556
003 SK-MaSNL
005 20260301194450.0
008 251031s1994 xr 0 cze
020 |a 8071080896 
035 |a SNK000113537 
040 |a SNK  |b slo  |c SNK  |e AACR2 
041 1 |a cze  |h fre 
044 |a xr  |c CZ 
080 |a 323.27(44)"1789/1794"  |2 1981 
100 1 |a Furet, François,  |d 1927-1997  |4 aut  |9 315712 
240 1 0 |a Penser la Révolution française  |l Česky 
245 1 0 |a Promýšlet Francouzskou revoluci  |c François Furet ; Přel. Petr Horák 
250 |a 1. vyd. 
260 |a Brno  |b Atlantis  |c 1994 
300 |a 207 s.  |c 21 cm 
700 1 |a Horák, Petr,  |d 1935-  |4 trl  |9 200917 
852 |a Slovenská národná knižnica 
919 |a 80-7108-089-6 
954 |a Francúzsko  |a revolúcia r. 1789-1794 
968 |d Z franc. orig. 
999 |c 882012  |d 883942 
952 |t P60, <04>, [BOOK], {604}  |a SNK  |b SNK  |y VYP  |7 0  |p 17A0058687  |o snkIC 124413  |0 0  |1 0  |4 0  |d 1997-04-12  |l 0  |r 2005-01-01 00:00:00  |w 2026-02-24